000 00271nam a22001217a 4500
082 _a671.52 BRV'W
100 _aBRUMBAUGH, J.E
_977085
245 _aAUDELTS WELDERS GUIDE AND HANDBOOK
250 _a3RD
260 _aBOMBAY
_bD.B.T
_c1976
300 _a918P
942 _cBK
999 _c582409
_d582409